Sentido y razón del derecho (Record no. 185602)

MARC details
000 -LEADER
campo de control de longitud fija 00913nam a2200229 i 4500
001 - NÚMERO DE CONTROL
campo de control 185602
003 - IDENTIFICADOR DE NÚMERO DE CONTROL
campo de control ES-MaACL
005 - FECHA Y HORA DE LA ÚLTIMA TRANSACCIÓN
campo de control 20230906222456.0
008 - DATOS DE LONGITUD FIJA--INFORMACIÓN GENERAL
campo de control de longitud fija 160726s1992 sp |||| | spa d
020 ## - NÚMERO INTERNACIONAL ESTÁNDAR DEL LIBRO
Número Internacional Estándar del Libro 84-85348-87-7
080 ## - NÚMERO DE LA CLASIFICACIÓN DECIMAL UNIVERSAL
Número de la Clasificación Decimal Universal 316.334.4
245 00 - MENCIÓN DEL TÍTULO
Título Sentido y razón del derecho
Resto del título : enfoques socio-jurídicos para la sociedad democrática : ponencias y comunicaciones al grupo de trabajo (nº 6) "Sociología jurídica" del III Congreso de Sociología del Estado Español (San Sebastián 28, 29, 30 de septiembre-1 de octubre de 1989) /
Mención de responsabilidad, etc. Roberto Bergalli (coord.).
250 ## - MENCION DE EDICION
Mención de edición 1ª ed.
260 ## - PUBLICACIÓN, DISTRIBUCIÓN, ETC.
Lugar de publicación, distribución, etc. Barcelona :
Nombre del editor, distribuidor, etc. Hacer,
Fecha de publicación, distribución, etc. 1992.
300 ## - DESCRIPCIÓN FÍSICA
Extensión XXVI, 346 p. ;
Dimensiones 21 cm.
490 1# - MENCIÓN DE SERIE
Mención de serie Sociedad-Estado ;
Designación de volumen o secuencia 9
650 04 - PUNTO DE ACCESO ADICIONAL DE MATERIA--TÉRMINO DE MATERIA
Término de materia o nombre geográfico como elemento de entrada Sociología del derecho.
9 (RLIN) 17212
700 1# - ENTRADA AGREGADA--NOMBRE PERSONAL
Nombre de persona Bergalli, Roberto.
9 (RLIN) 27924
830 0# - PUNTO DE ACCESO ADICIONAL DE SERIE-TÍTULO UNIFORME
Título uniforme Sociedad-Estado ;
Designación de volumen o secuencia 9
9 (RLIN) 225252
852 ## - LOCALIZACIÓN
Ubicación ES-MaACL
Número de control de estantería L-30476
Holdings
Estatus retirado Estado de pérdida Estado de daño No para préstamo Biblioteca de origen Biblioteca actual Ubicación en estantería Fecha de adquisición Fuente de adquisición Total de préstamos Signatura topográfica completa Código de barras Visto por última vez Precio de reemplazo Tipo de ítem Koha
        Biblioteca del Ateneo de Madrid Biblioteca del Ateneo de Madrid Depósito 2 26/07/2016     L-30476 1195640 23/02/2023 23/02/2023 Libro impreso